Statistics for Name a Valid Country other than the U.S.

Click here to take the quiz!

General Stats

  • This quiz has been taken 117 times
  • The average score is 16 of 20

Answer Stats

Name a country other than the U.S. ... Countries % Correct
with an area of at least 3.5 million mi2Canada | China | Russia
100%
with >10,000 wolvesCanada | China | Kazakhstan | Mongolia | Russia
99%
with multiple megacitiesBrazil | India | China | Japan | Pakistan
99%
with a point north of 70°NCanada | Finland | Norway | Russia
98%
spanning at least 10 time zonesFrance | Russia
96%
with Carribbean territoriesFrance | Netherlands | United Kingdom
95%
guessed at least 95% of the time
on Countries of the World Quiz
Canada | China | Mexico | Russia
95%
that borders MexicoBelize | Guatemala
95%
that produce >100,000 gigawatt hours
of nuclear energy annually
China | France | Russia | South Korea
93%
that publish at least 100,000 books annuallyChina | Russia | United Kingdom
87%
with more than 50 volcanoesIndonesia | Japan | Russia
86%
whose capital begins with the letter WNamibia | New Zealand | Poland
84%
with over 50 recorded shark attacks since 1580Australia | Brazil | France | New Zealand | South Africa
83%
that consume >50 lbs of beef per person annuallyArgentina | Australia | Brazil | Paraguay | Uruguay
83%
that have >10 million people of African descent (outside of Africa)Brazil | Haiti
83%
with over 300 Winter Olympic medalsNorway
79%
with at least seven horizontal stripes on their flagGreece | Liberia | Malaysia | Uruguay | Zimbabwe
66%
that had a national park before CanadaAustralia | Mongolia
43%
that have the same constitution now as in 1850Belgium | Denmark | Netherlands | Norway
43%
whose JetPunk name and largest
urban area have multiple words
Costa Rica | Dominican Republic |
El Salvador | Papua New Guinea |
San Marino | Vatican City
38%

Score Distribution

Percentile by Number Answered

Percent of People with Each Score

Your Score History

You have not taken this quiz